000 00653nam a22001457a 4500
008 140902b xxu||||| |||| 00| 0 eng d
020 _a0406092982
050 _aKD277.7.L39(1913 vol.2)
245 _a The Law Reports(1913 vol.2) King's Bench division: of the incorporated council of law reporting king's bench division and on appeal therefrom in the court of appeal decisions of the railway and canal commission. /
_cedited by Sir Frederick Pollock and assisted by A. P. Stone
260 _aLondon:
_bButterworth & Co. Ltd,
_c1913.
300 _axiv,625p.:
_c24cm.
440 _pKing's bench division
800 _aPollock, Frederick
942 _2lcc
_cBK
999 _c3972
_d11472